000 00637nam a2200181 a 4500
005 20140310183241.0
008 041028s19uu xx 00 eng d
020 _a9718703063
050 _aPN 5424
_b.R313 1992
100 _aRetana, Wenceslao E.
245 _aEl periodismo filipino :
_bjournalism in the Philippines (1811-1894) /
_cWenceslao E. Retana.
260 _aManila :
_bPhilippine Press Institute with financial support from Konrad Adenauer Foundation,
_c1992.
300 _a206 p. :
_bill.;
_c22 cm.
521 _aMC
650 _aJournalism
_xPhilippines
_xHistory
_x20th century.
942 _cBK
_2lcc
_kLOC
999 _c20611
_d20611